|
|
|
|
| LEADER |
00000nam0a2200000 4500 |
| 001 |
312543 |
| 005 |
20231102002509.0 |
| 035 |
|
|
|a (RuTPU)RU\TPU\book\337912
|
| 090 |
|
|
|a 312543
|
| 100 |
|
|
|a 20151224d1967 km y0rusy50 ca
|
| 101 |
0 |
|
|a rus
|
| 102 |
|
|
|a RU
|
| 105 |
|
|
|a a z 001zy
|
| 200 |
1 |
|
|a Экономическая эффективность производства в цехах и на участках машиностроительного завода. Методы расчета
|f А. В. Эйхенвальд, А. А. Кузнецов
|
| 210 |
|
|
|a Москва
|c Машиностроение
|d 1967
|
| 215 |
|
|
|a 148 с.
|c ил.
|
| 320 |
|
|
|a Библиогр.: с. 146
|
| 606 |
1 |
|
|a Машиностроение
|x Экономическая эффективность
|x Технико-экономические показатели
|2 stltpush
|3 (RuTPU)RU\TPU\subj\41436
|9 61227
|
| 610 |
1 |
|
|a себестоимость
|
| 610 |
1 |
|
|a технико-экономические расчеты
|
| 610 |
1 |
|
|a продукция
|
| 610 |
1 |
|
|a оборудование
|
| 610 |
1 |
|
|a оборотные фонды
|
| 610 |
1 |
|
|a организация труда
|
| 610 |
1 |
|
|a вспомогательные цеха
|
| 610 |
1 |
|
|a анализ
|
| 610 |
1 |
|
|a математический аппарат
|
| 675 |
|
|
|a 621.002:658.5.011.46
|v 4
|
| 700 |
|
1 |
|a Эйхенвальд
|b А. В.
|g Александр Вильгельмович
|
| 701 |
|
1 |
|a Кузнецов
|b А. А.
|g Александр Александрович
|
| 801 |
|
1 |
|a RU
|b 63413507
|c 20151224
|
| 801 |
|
2 |
|a RU
|b 63413507
|c 20171020
|g RCR
|
| 942 |
|
|
|c BK
|